[Event "GER-ch Lands U20"]
[Site "Kassel"]
[Date "2003.10.22"]
[Round "5.4"]
[White "Haecker, Sonja"]
[Black "Rogalski, Yuri"]
[Result "1-0"]
[WhiteElo "2028"]
[BlackElo "1776"]
[PlyCount "79"]
[EventDate "2003.10.19"]
[EventType "team-tourn"]
[EventRounds "7"]
[EventCountry "GER"]
[SourceTitle "EXT 2004"]
[Source "ChessBase"]
[SourceDate "2003.11.25"]
[SourceVersion "1"]
[SourceVersionDate "2003.11.25"]
[SourceQuality "1"]

1. e4 Nf6 2. e5 Nd5 3. d4 c5 4. c4 Nc7 5. d5 d6 6. exd6 exd6 7. Bd3 g6 8. Nc3 Bg7 9. Nge2 Nd7 10. 0-0 Ne5 11. Bb1 0-0 12. b3 a6 13. Bb2 b5 14. f4 Ng4 15. Qd2 f5 16. h3 Nf6 17. Bd3 Rb8 18. Rab1 Bd7 19. Ng3 bxc4 20. bxc4 Re8 21. Ba1 Na8 22. Rxb8 Qxb8 23. Rb1 Qc7 24. Kh2 Rb8 25. Qc1 Rxb1 26. Qxb1 Qb6 27. Qe1 Kf7 28. Nge2 Qb4 29. Qc1 Nb6 30. Nd1 a5 31. Ne3 Ne8 32. Bxg7 Nxg7 33. a3 Qb3 34. Bc2 Qxe3 35. Qxe3 Nxc4 36. Qc3 Nb6 37. Qxa5 Nxd5 38. Bb3 Be6 39. Bxd5 Bxd5 40. Qc7+ 1-0

[Event "GER-ch Lands U20"]
[Site "Kassel"]
[Date "2003.10.20"]
[Round "2.4"]
[White "Sohl, Jan"]
[Black "Rogalski, Yuri"]
[Result "1/2-1/2"]
[WhiteElo "1847"]
[BlackElo "1776"]
[PlyCount "33"]
[EventDate "2003.10.19"]
[EventType "team-tourn"]
[EventRounds "7"]
[EventCountry "GER"]
[SourceTitle "EXT 2004"]
[Source "ChessBase"]
[SourceDate "2003.11.25"]
[SourceVersion "1"]
[SourceVersionDate "2003.11.25"]
[SourceQuality "1"]

1. e4 c5 2. Nf3 d6 3. d4 cxd4 4. Nxd4 Nf6 5. Nc3 g6 6. Be3 Bg7 7. f3 Nc6 8. Qd2 0-0 9. Bc4 Bd7 10. 0-0-0 Qa5 11. Bb3 Rfc8 12. h4 h5 13. Kb1 Ne5 14. Bg5 Nc4 15. Qd3 Ne5 16. Qd2 Nc4 17. Qd3 1/2-1/2

[Event "Bad Zwesten op 7th"]
[Site "Bad Zwesten"]
[Date "2003.??.??"]
[Round "7"]
[White "Rogalski, Yuri"]
[Black "Fischer, Gerold"]
[Result "1-0"]
[WhiteElo "1723"]
[BlackElo "2035"]
[PlyCount "46"]
[EventDate "2003.01.02"]
[EventType "swiss"]
[EventRounds "9"]
[EventCountry "GER"]
[SourceTitle "CBM 092 Extra"]
[Source "ChessBase"]
[SourceDate "2003.03.07"]
[SourceVersion "1"]
[SourceVersionDate "2003.03.07"]
[SourceQuality "1"]

1. c4 e6 2. Nc3 d5 3. g3 dxc4 4. Bg2 c6 5. Qa4 Nd7 6. Qxc4 Nb6 7. Qb3 e5 8. Nf3 Be6 9. Qc2 f6 10. 0-0 Qd7 11. d4 exd4 12. Rd1 c5 13. e3 Bf5 14. Qb3 d3 15. Ne1 c4 16. Qb5 0-0-0 17. b3 Be6 18. Qa5 Kb8 19. Nb5 Nc8 20. e4 g5 21. Be3 a6 22. Nd4 Nge7 23. Nxe6 Qxe6 1-0

[Event "GER-ch U12"]
[Site "Willingen"]
[Date "2001.06.04"]
[Round "4"]
[White "Billing, Christian"]
[Black "Rogalski, Yuri"]
[Result "0-1"]
[WhiteElo "1244"]
[BlackElo "1509"]
[PlyCount "66"]
[EventDate "2001.06.03"]
[EventType "swiss"]
[EventRounds "11"]
[EventCountry "GER"]
[SourceTitle "EXT 2003"]
[Source "ChessBase"]
[SourceDate "2002.11.25"]
[SourceVersion "1"]
[SourceVersionDate "2002.11.25"]
[SourceQuality "1"]

1. e4 c5 2. Nf3 d6 3. d4 cxd4 4. Nxd4 Nf6 5. Nc3 g6 6. f3 Bg7 7. Be3 0-0 8. Be2 Nc6 9. Qd2 Bd7 10. 0-0 Rc8 11. Rad1 Ne5 12. Rf2 Nc4 13. Bxc4 Rxc4 14. Qd3 Rc8 15. Rdd2 a6 16. g4 Bxg4 17. fxg4 Nxg4 18. Rg2 Ne5 19. Qe2 Nc4 20. Rd1 Nxb2 21. Rb1 Rxc3 22. Rxb2 Qc8 23. Qd2 Qc5 24. Rxb7 Rxe3 25. Rc7 Qxd4 26. Qxd4 Bxd4 27. Kf1 Rxe4 28. c3 Bc5 29. Rc6 a5 30. Ra6 a4 31. Ra5 Rb8 32. Rf2 Bxf2 33. Kxf2 Rb2+ 0-1

[Event "GER-ch U12"]
[Site "Willingen"]
[Date "2001.06.03"]
[Round "2"]
[White "Schimanowski, Christine"]
[Black "Rogalski, Yuri"]
[Result "0-1"]
[WhiteElo "1188"]
[BlackElo "1509"]
[PlyCount "158"]
[EventDate "2001.06.03"]
[EventType "swiss"]
[EventRounds "11"]
[EventCountry "GER"]
[SourceTitle "EXT 2003"]
[Source "ChessBase"]
[SourceDate "2002.11.25"]
[SourceVersion "1"]
[SourceVersionDate "2002.11.25"]
[SourceQuality "1"]

1. e4 c5 2. d4 cxd4 3. Qxd4 Nc6 4. Qd1 e6 5. Nc3 Bc5 6. Nf3 Nge7 7. Bc4 0-0 8. 0-0 a6 9. a3 b5 10. b4 Bxf2+ 11. Rxf2 bxc4 12. Qe2 d5 13. Qf1 h6 14. Bb2 Bb7 15. Rd1 Na7 16. Qe1 Nb5 17. Nxb5 axb5 18. Re2 Qb6+ 19. Bd4 Qc7 20. Be5 Qc8 21. Qg3 Ng6 22. Bb2 c3 23. Ba1 Rxa3 24. Ne5 Nxe5 25. Qxe5 Qc4 26. Re3 dxe4 27. Rxc3 Rxc3 28. Bxc3 f6 29. Qg3 Qe2 30. Rd7 g5 31. Rxb7 Qd1+ 32. Be1 Qxc2 33. Rxb5 Qc4 34. Rc5 Qd4+ 35. Kh1 e3 36. Rc3 e2 37. Re3 e5 38. Rxe2 Qc4 39. Rf2 Kg7 40. Qc3 Qe6 41. b5 Rc8 42. Qb2 Rb8 43. Qb1 Qc4 44. Qf5 Qf7 45. Rd2 Rb7 46. b6 h5 47. h4 g4 48. Bf2 Re7 49. Rb2 Rb7 50. Be3 Qe8 51. Rb1 Qf7 52. Rd1 Re7 53. Rb1 Rb7 54. Bf2 Qa2 55. Bg3 Qf7 56. Rf1 Rxb6 57. Bxe5 Re6 58. Bxf6+ Rxf6 59. Qg5+ Qg6 60. Qxf6+ Qxf6 61. Rxf6 Kxf6 62. g3 Ke5 63. Kg2 Ke4 64. Kf2 Kd3 65. Kg2 Ke2 66. Kg1 Kf3 67. Kh2 Kf2 68. Kh1 Kxg3 69. Kg1 Kxh4 70. Kg2 Kg5 71. Kg3 h4+ 72. Kh2 Kf4 73. Kg1 Kg3 74. Kh1 Kf2 75. Kh2 g3+ 76. Kh3 g2 77. Kxh4 g1Q 78. Kh5 Qg7 79. Kh4 Qg6 0-1